000 00491nam a2200169Ia 4500
008 090201s9999 xx 000 0 und d
010 _aKPL-55785
040 _bमराठी
041 _aमराठी
082 _a41431
_b55785
100 _aआशा नाजेकर
245 _aवळणावर
_cआशा नाजेकर
260 _c2004
_bसंवाद प्रकाशन
300 _a121
_bमोठा
600 _aवळणावर
942 _cBOOK
999 _c238638
_d238638